00280 a2200097 4500000002500000005001700025020001800042100002800060245007400088260002000162 nam a22 7a 450020260515143917.0 a9781032866888 a Stanley O. Gaines, Jr. aA Critical Approach to Conceptual and Historical Issues in Psychology bRoutledgec2025